000 01188nam a2200337 i 4500
003 OSt
005 20260401104458.0
008 260401t20242024nyuao er001 0 e1g deng d
020 _a9781266874741
_cRM 192.00
_qpaperback
040 _aPPAK
_beng
_cPPAK
_erda
082 0 4 _223
_a658
090 0 0 _a658
_bBAT
_dR
100 1 _aBateman, Thomas S.,
_eauthor.
245 1 0 _aM: Management /
_cThomas S. Bateman, Mclntire School of Commerce, University of Virginia, Robert Konopaske, McCoy College of Business, Texas State University
250 _a2024 Release
264 1 _aNew York, NY :
_bMcGraw Hill LLC,
_c[2024]
264 4 _c©2024
300 _axx, 364 pages :
_bcolour photographs ;
_c27 cm
336 _atext
_2rdacontent
337 _aunmediated
_2rdamedia
338 _avolume
_2rdacarrier
500 _aThis International Student Edition is for use outside of the U.S.--Cover
504 _aIncludes bibliographical references and index.
650 1 0 _aManagement
650 2 0 _aLeadership
650 2 0 _aManaging People
650 2 0 _aCommunication
650 2 0 _aSelf-management
700 1 _aKonopaske, Robert,
_eauthor.
942 _2ddc
_cB
999 _c203627
_d203627